000 00291nam a2200121 4500
999 _c10728
_d10728
003 OSt
005 20220630120729.0
008 220630b ||||| |||| 00| 0 eng d
100 _aEdward D Mills Friba
245 _aThe modern factory
260 _a London
_bArchitectural press
942 _2ddc